| 000 | 00508nam a2200181 a 4500 | ||
|---|---|---|---|
| 001 | 1484 | ||
| 003 | CDMR | ||
| 005 | 20131105165534.0 | ||
| 008 | 130130s1978||||||||||||||||||||||||||||d | ||
| 040 |
_aCDMR _bcat _cCDMR |
||
| 100 | 1 |
_aMartín, Antonio _91124 |
|
| 245 | 1 | 0 |
_aHistoria del cómic español _b: 1875-1939 _cAntonio Martín |
| 260 |
_aBarcelona _c1978 _bGustavo Gili |
||
| 300 |
_a245 p. _bil. b/n |
||
| 490 | 0 | _aComunicación Visual | |
| 650 | 0 | 4 |
_93313 _aCòmics _xHistòria i crítica |
| 942 |
_cMON _2udc |
||
| 999 |
_c1484 _d1484 |
||